Statistics for 5 letter Words Beginning With BL-

Click here to take the quiz!

General Stats

  • This quiz has been taken 142 times
    (138 since last reset)
  • The average score is 16 of 20

Answer Stats

HintAnswer% Correct
The inability to seeBlind
99%
Color that does not reflect or transmit lightBlack
97%
to close and open the eyes involuntarilyBlink
97%
An empty space as on a paperBlank
95%
Fair or pale yellow hairBlond
95%
Lacking strong flavorBland
93%
Another word for a knifeBlade
89%
Complete happinessBliss
86%
British informal way to say manBloke
86%
Not sharpBlunt
86%
Sound use to obscure curse words on TVBleep
84%
The flower of a plantBloom
82%
An intensely burning fireBlaze
80%
A song often of lamentationBlues
76%
An airship that maintains its form by pressure from contained gasBlimp
71%
A red or rosy tintBlush
68%
To hallow or consecrate by religious rite or wordBless
66%
Children's book writer Judy...Blume
54%
To make turgid or swollenBloat
51%
A thin often buckwheat pancake usually filled with sour cream and foldedBlini
26%

Score Distribution

Percentile by Number Answered

Percent of People with Each Score

Your Score History

You have not taken this quiz since the last reset